000 01621nam a22004097a 4500
003 CHAP
005 20220329143532.0
008 100419s2010 mx r 00010 spa d
010 _a98164
011 _a99136
035 _a109821
040 _cCHAP
090 _aTesis
100 1 _aGutiérrez Vásquez, Alejandrina.
_951597
245 1 0 _aHongos asociados al patosistema de la rosa silvestre (Rosa spp.) en el transecto tulancingo, Hidalgo - huauchinango, Puebla
_c/por Alejandrina Gutiérrez Vásquez
260 _aChapingo, Méx. :
_bEl autor,
_c2010
300 _aviii, 26 h. :
_bilus.
502 _aTesis (Ing. Agr. Esp. en Parasitología Agrícola) -- UACH. Parasitología Agrícola
530 _aTambién disponible en línea
590 _aALEPH
_b10
_c20130110
_lUCH01
_h1533
590 _aBATCH-UPD
_b10
_c20130110
_lUCH01
_h1634
590 _aBATCH-UPD
_b10
_c20130410
_lUCH01
_h1026
590 _aBATCH-UPD
_b10
_c20130914
_lUCH01
_h1557
590 _aBATCH-UPD
_b10
_c20140324
_lUCH01
_h1516
590 _aBATCH-UPD
_b10
_c20141002
_lUCH01
_h0842
590 _aBATCH-UPD
_b10
_c20160506
_lUCH01
_h1414
590 _aCONVERSION
_b10
_c20130109
_lUCH01
_h1354
650 1 4 _aHongos fitopatógenos.
_956132
650 1 4 _aRosas
_xEnfermedades por hongos.
_999968
650 1 4 _aRosas
_xEnfermedades.
_999967
650 1 4 _aRosas
_xPuebla.
_999987
856 _3Finding aid
_uhttp://10.13.5.2/tesis/109821.pdf
_zTeclea aqui
901 _aBK
942 _cFOLL
949 _aTesis
_bBC
_cTES
_d33724002167058
_eTS1
_gDonaciØn
_h50402
_i109821
_sb
949 _aTesis
_bBC
_cTES
_d33724002167090
_eTS2
_fc.2
_gDonaciØn
_h50403
_i109821
_sb
999 _c98164
_d98164